000 00639nam a2200217Ia 4500
001 1665
003 GE_BSU
008 181216s||||||||xx |||||||||||||| ||und||
020 _a9789994003052
040 _cGE_BSU
080 _a004.7(075.8)+339(075.8)
100 _aზაუტაშვილი, დავით
245 _aელექტრონული კომერცია
260 _aქუთაისი
260 _c2008
300 _a19 სმ.
541 _h5 ლ.
653 _aელექტრონული კომერცია
653 _aსახელმძღვანელო
942 _cBK
999 _c35782
_d35782